Mastering Access 2002 premium edition

Tallennettuna:
Bibliografiset tiedot
Aineistotyyppi: Kirja
Kieli:Undetermined
Julkaistu: SYBEX 2001
Aiheet:
Tagit: Lisää tagi
Ei tageja, Lisää ensimmäinen tagi!
Thư viện lưu trữ: Trung tâm Học liệu Trường Đại học Cần Thơ
LEADER 00391nam a2200145Ia 4500
001 CTU_117588
008 210402s9999 xx 000 0 und d
082 |a 005.3 
082 |b M423 
245 0 |a Mastering Access 2002 premium edition 
260 |b SYBEX 
260 |c 2001 
650 |a Access (computer programs) 
904 |i M.Loan 
980 |a Trung tâm Học liệu Trường Đại học Cần Thơ